1791 1643 1934 1012 1196 1107 1803 1676 1470 1261 1780 1953 1532 1886 1816 1139 1765 1445 1022 1387 1763 1554 1723 1649 1020 1581 1803 1973 1860 1279 1039 1281 1201 1503 1184 1443 1384 1513 1227 1300 1071 1048 1415 1208 1879 1950 1907 1724 1958 1331 1117 1088 1771 1610 1763 1245 1792 1708 1315 1481 1404 1112 1662 1418 1063 1761 1523 1682 1451 1291 1201 1047 1831 1199 1672 1340 1111 1386 1289 1393 1553 1532 1003 1369 1506 1668 1197 1700 1471 1174 1581 1218 1967 1466 1408 1608 1013 1036 1354 BCNSPRNW ULIB Ver.6.0+V

เปลี่ยนเป็นภาษาไทย

Change to English
 แสดงรายละเอียดบรรณานุกรม
  กลับหน้าหลัก

Brief Record : Get Marc (ISO 2709) : E-mail record : QR code < ปิดหน้าต่าง
LEADER : 00000nam 2200000uu 4500
001    13399113492
003     ULIB
008    110627s2549||||th 000 0 tha d
020    9789749931920
090    นว.^bอ111ท 2549
100 0  อ.สายสุวรรณ
245 00 เทวดาฝรั่ง กรีก-โรมัน/^cอ.สายสุวรรณ
250    พิมพ์ครั้งที่ 7
260    กรุงเทพฯ :^bอมรินทร์,^c2549
300    318 หน้า
710 1  อมรินทร์
945    ^p250^l0^i021026
995    ทศพร
999 ^a ใช้งานได้ทุกระบบ
รายการนี้ยังไม่มีแท็ก
คุณยังไม่ได้ล็อกอิน คุณสามารถมีกิจกรรมร่วมกับเว็บไซต์ได้ แต่ต้องล็อกอินก่อน ::
  ล็อกอิน

รายการสื่อสารสนเทศ

ลำดับที่ ประเภท เลขเรียก/บาร์โค้ด สถานที่ สถานะ
1. นวนิยาย
นวนิยาย
นว. อ111ท 2549 ฉ.1 
  Barcode: 021026
ห้องสมุดวิทยาเขตสวรรค์ประชารักษ์
►นวนิยาย
บนชั้น
  ขอยืม

BibComment


ยังไม่เคยถูกคอมเมนท์

คอมเมนท์ทรัพยากรรายการนี้
  คอมเมนท์: เทวดาฝรั่ง กรีกโร..


 Copyright 2026. Bcnsprnw @Library